000 00775cam a22002531 4500
001 1223645
003 URS
005 20260326151015.0
008 730116s1964 njua b 000 0 eng
010 _a 64010134
040 _aDLC
_cDLC
_dURS
_beng
_erda
050 1 4 _aLB1573
_b.D356 1964
100 1 _aDechant, Emerald V.
245 1 0 _aImproving the teaching of reading.
264 1 _aEnglewood Cliffs, N.J.,
_bPrentice-Hall
_c[1964]
300 _aviii, 568 pages.
_billustrations.
_c24 cm
336 _atext
_btxt
_2rdacontent
337 _aunmediated
_bn
_2rdamedia
338 _avolume
_bnc
_2rdacarrier
500 _aincludes index.
504 _aBibliography: p. 533-556.
650 0 _aReading (Elementary)
942 _2lcc
_cFR
_hLB1573
_i.D356 1964
999 _c99300
_d99297